Les 10 dictateurs les plus meurtriers - Statistiques

Statistiques générales
  • Ce quiz a été pris 1 171 fois
  • Le résultat moyen est 6 sur 10
Statistiques - réponses
Actes Pays d'origine Dictateur % Correct
20 à 25 millions de morts par purges, famines et déportations. Union Soviétique Joseph Staline
95%
Plus de 17 millions de morts, principalement à cause de la Seconde Guerre mondiale et de l’Holocauste. Autriche Adolf Hitler
94%
Des centaines de milliers de morts par guerres et répression politique. Italie Benito Mussolini
85%
Des centaines de milliers de morts par répression brutale. Espagne Francisco Franco
77%
Jusqu'à 45 millions de mort par famine et répression politique Chine Mao Zedong
71%
Environ 2 millions de morts par guerres et répressions. Irak Saddam Hussein
58%
Environ 2 millions de morts par génocide. Cambodge Pol Pot
45%
1,6 million de morts par purges et famines. Corée du nord Kim Il-sung
35%
300 000 à 500 000 morts par purges violentes. Ouganda Idi Amin
20%
2 à 3 millions de morts, principalement à cause du génocide arménien. Empire Ottoman Enver Pacha
7%
Aucun quiz correspondant
Distribution des résultats
% des personnes avec chaque résultat
Percentile par nombre de réponses
Votre historique - résultats
Vous n’avez pas pris ce quiz